000 00326nam a2200157Ia 4500
008 240830s1900 xx 000 0 und d
041 _amar
082 _a1
100 _aLALE
245 _aVIDYAKALANIDHI
250 _a1
260 _bN.D.
_c1900
300 _a100p
906 _aVIDYAKALANIDHI
999 _c1183873
_d1183873